Animal Crossing New Horizons: Les habitants 2.0 - Statistiques

Statistiques générales
  • Ce quiz a été pris 4 997 fois
    4 718 depuis la dernière actualisation
  • Le résultat moyen est 116 sur 407
Statistiques - réponses
Réponse % Correct
Raymond
67%
Marina
66%
Bibi
64%
Neferti
61%
Didi
60%
Laura
60%
Mathéo
59%
Rosie
59%
Jo
58%
Octave
57%
Marvin
56%
Kristine
55%
Nadine
54%
Apollon
53%
Léa
53%
Coco
52%
Faust
52%
Abraham
51%
Blanche
51%
Léo
51%
Alix
49%
Bouloche
49%
Kali
49%
Lico
49%
Molly
49%
Anna
48%
Capri
47%
Clara
47%
Monica
47%
Robert
47%
Camille
46%
Cookie
46%
Justin
46%
Ramses
46%
Choco
45%
Gertrude
45%
Shino
45%
Emma
44%
Linette
44%
Octoborg
44%
Stéphaon
44%
Terra
44%
Biquette
43%
Cédric
43%
Faustine
43%
Ketchup
43%
Kiki
43%
Noémie
43%
Ben
42%
Drago
42%
Julie
42%
Luna
42%
Pec
42%
Tom
42%
Anne
41%
Kat
41%
Marine
41%
Miro
41%
Napoléon
41%
Raina
41%
Bichoune
40%
Eloïse
40%
Fanny
40%
Kabuki
40%
Olivia
40%
Phil
40%
Aurélie
39%
Candy
39%
Garance
39%
Jennifer
39%
Patty
39%
Suzy
39%
Pietro
38%
Sophie
38%
Alice
37%
Chef
37%
Lili
37%
Maï
37%
Melba
37%
Nana
37%
Naomie
37%
Pauline
37%
Chavrina
36%
Dalma
36%
Ken
36%
Nonos
36%
Odile
36%
Salami
36%
Valé
36%
Gérard
35%
Jean-Bon
35%
Koko
35%
Mirza
35%
Nacer
35%
Pierrot
35%
Allie
34%
Electro
34%
Elvis
34%
Irène
34%
Justine
34%
Kitty
34%
Laurie
34%
Marilou
34%
Rénata
34%
Béa
33%
Boubou
33%
Cléa
33%
Laflèche
33%
Margaux
33%
Mathilde
33%
Momo
33%
Punk
33%
Rose
33%
Amande
32%
Cachou
32%
Croko
32%
Enzo
32%
Éva
32%
Jojo
32%
Kolala
32%
Lola
32%
Lucie
32%
Luppa
32%
Pachy
32%
Rosanne
32%
Rougepif
32%
Savanna
32%
Théo
32%
Victor
32%
Belle
31%
Câlin
31%
Gladys
31%
Louis
31%
Monique
31%
Pécan
31%
Tupux
31%
Wolfgang
31%
Agnès
30%
Alphonse
30%
Antonio
30%
Astair
30%
Blair
30%
Cube
30%
Jon
30%
Koaline
30%
Manfred
30%
Myrtille
30%
Olympe
30%
Perle
30%
Pouli
30%
Prof
30%
Tony
30%
Viviane
30%
Aurore
29%
Axel
29%
Bob
29%
Colvert
29%
Filibert
29%
Flèche
29%
Léonard
29%
Loupiot
29%
Maëlle
29%
Maud
29%
Mistigri
29%
Paméla
29%
Rachida
29%
Rhina
29%
Rosalie
29%
Rubis
29%
Scooter
29%
Selma
29%
Titi
29%
Véra
29%
Zoé
29%
Avril
28%
Calypso
28%
Hector
28%
Neige
28%
Régis
28%
Reine
28%
Rosco
28%
Violette
28%
Azalée
27%
Charlène
27%
Cléo
27%
Gogo
27%
Henri
27%
Isabelle
27%
Kalyptus
27%
Kolette
27%
Léopold
27%
Martin
27%
Norma
27%
Opaline
27%
Poulette
27%
Prince
27%
Âne-Lise
26%
Caro
26%
Crocket
26%
Ella
26%
Esther
26%
Gabin
26%
Mathilda
26%
Mina
26%
Phébus
26%
Séguin
26%
Simon
26%
Terrine
26%
Tutu
26%
Brutus
25%
Clarabêl
25%
Daniel
25%
Gary
25%
Maëllis
25%
Magogo
25%
Marlou
25%
Moktar
25%
Mounia
25%
Narcisse
25%
Ninjette
25%
Pansy
25%
Rhino
25%
Teddy
25%
Tigri
25%
Zinzin
25%
Bengale
24%
Bertha
24%
Bourrico
24%
César
24%
Edouard
24%
Elise
24%
Foufou
24%
Grognon
24%
Hippy
24%
Joseph
24%
Mallory
24%
Mireille
24%
Mozzar
24%
Nora
24%
Oursula
24%
Potama
24%
Ralph
24%
Rénato
24%
Roy
24%
Shimi
24%
Sonya
24%
Aaron
23%
Bébert
23%
Bonno
23%
Boumboum
23%
Célia
23%
Chuck
23%
Dora
23%
Estrella
23%
Hélaine
23%
Madsi
23%
Maguy
23%
Manu
23%
Mike
23%
Rudy
23%
Tirbou
23%
Vanessa
23%
Aimé
22%
Anabelle
22%
Bebel
22%
Bêêtty
22%
Biff
22%
Bill
22%
Charles
22%
Civet
22%
Crabot
22%
Dorothée
22%
Gaëlle
22%
Gloria
22%
Greggae
22%
Grisette
22%
Gustave
22%
Kanga
22%
Lobo
22%
Miles
22%
Nathan
22%
Paolo
22%
Poquette
22%
Reynald
22%
Stella
22%
Tiphaine
22%
Victoria
22%
Babouin
21%
Bernardo
21%
Cornio
21%
Damia
21%
Emilien
21%
Friga
21%
Gradub
21%
Graham
21%
Gruyère
21%
Ismaël
21%
Jamy
21%
Jérémie
21%
Karen
21%
Marjorie
21%
Mehdi
21%
Michèle
21%
Miglou
21%
Ottie
21%
Paulito
21%
Pompon
21%
Prune
21%
Quenotte
21%
Renée
21%
Roberta
21%
Vanina
21%
Wendy
21%
Wolfram
21%
Annie
20%
Barry
20%
Chico
20%
Claude
20%
Crakos
20%
Curt
20%
Déborah
20%
Dimitri
20%
Doc
20%
Dolph
20%
Dorian
20%
Epicure
20%
Gambette
20%
Gonzo
20%
Grisa
20%
Jacob
20%
Jeannot
20%
Marcel
20%
Nadia
20%
Placide
20%
Rosine
20%
Trufa
20%
Zabou
20%
Bérénice
19%
Beubeu
19%
Cyrano
19%
Eustache
19%
Fabien
19%
Gaston
19%
Gilbert
19%
Grizzly
19%
Gwen
19%
Herbert
19%
Loran
19%
Lydie
19%
Maïko
19%
Rhona
19%
Roswell
19%
Sourizzi
19%
Steven
19%
Tarina
19%
Tonton
19%
Toto
19%
Angus
18%
Bigoudi
18%
Figaro
18%
Gaby
18%
Guido
18%
Hervé
18%
Lourant
18%
Porken
18%
Rocky
18%
Steakos
18%
Sucrette
18%
Sylvette
18%
Verbert
18%
Boris
17%
Georges
17%
Jacky
17%
Jeff
17%
Walt
17%
Carlos
16%
Chulin
16%
Condor
16%
Ethan
16%
Gordon
16%
Greta
16%
Hercule
16%
Joachim
16%
Klaus
16%
Marito
16%
Samson
16%
Sélène
16%
Tiansheng
16%
Urbain
16%
Arnold
15%
Bajoue
15%
Darius
15%
Eddie
15%
Léandro
15%
Miguel
15%
Milos
15%
Robie
15%
Ronchon
15%
Sabrina
15%
Vladimir
15%
Grignote
14%
Maréchal
14%
Missy
14%
Nadège
13%
Primo
13%
Isaac
11%
Cashmire
7%
Aucun quiz correspondant
Distribution des résultats
% des personnes avec chaque résultat
Percentile par nombre de réponses
Votre historique - résultats
Vous n’avez pas pris ce quiz depuis la dernière actualisation